000 00507nam a2200205Ia 4500
003 0100
008 130307s9999 xx 000 0 und d
040 _cARRUPELIB
050 _aRA644.A25H64 2004
100 _aCoombe, Carol
245 4 _aThe HIV challenge to education
245 _ba collection of essays
260 _aParis
260 _bInternational institute for educational planning
260 _c2002
300 _a263p.
300 _b22cm
650 _bJesuits--Education
942 0 0 _07
999 _c100144
_d100144